000 00350nam a2200145Ia 4500
005 20251222144857.0
008 251222s9999||||xx |||||||||||||| ||spa||
020 _a84-7239-091-8
082 _a922.22/L67/1984
100 _aLisieux, Teresa de, Santa
245 0 _aTeresa de Lisieux:
250 _a6a.ed.
264 _bMonte Carmelo
942 _cLIB
999 _c21830
_d21830